000 00806cam a2200265 a 4500
008
020 _a9780323036580 (hbk.)
049 _aMAIN
090 _aRB40
_bCLI
100 _aKaplan, Lawrence A.
245 0 0 _aClinical chemistry :
_btheory, analysis, and correlation /
_cedited by Lawrence A. Kaplan, Amadeo J. Pesce.
250 _a5th ed.
260 _aSt. Louis :
_bMosby,
_c2010.
300 _axxiv , 1176 p. :
_bill. ;
_c28 cm.
504 _aIncluding bibliographical references.
500 _aIncludes index.
650 0 _aClinical chemistry.
650 1 2 _aChemistry, Clinical.
700 1 _aPesce, Amadeo J.
907 _a.b10342862
_b04-12-15
_c09-06-14
003
005 20230120204136.0
040 _cNUST
942 _cBOOKS
_kRB40
_mCLI
999 _c117889
_d117889